Návrh rekreačného a sedacieho bazénu v areáli termálneho kúpaliska Patince
Saved in:
| Main Author: | |
|---|---|
| Other Authors: | |
| Format: | Manuscript Book |
| Language: | Slovak |
| Published: |
2015
|
| Subjects: | |
| Online Access: | http://is.stuba.sk/zp/portal_zp.pl?podrobnosti=109438 https://opac.crzp.sk/?fn=detailBiblioForm&sid=78283B71680DBAF21D40D71D22D4 |
| Tags: |
No Tags, Be the first to tag this record!
|
MARC
| LEADER | 00000ntm a22000003a 4500 | ||
|---|---|---|---|
| 001 | stuzp53045 | ||
| 003 | SK-STU | ||
| 005 | 20231114135321.3 | ||
| 007 | ta | ||
| 008 | 150427s2015----xo-----f-mn---000-0-slo-d | ||
| 040 | |a STU |b slo | ||
| 041 | 0 | |a slo | |
| 100 | 1 | |a Vilimek, István |u 010280 |4 aut |U SvF Stavebná fakulta |T SvF Katedra zdravotného inžinierstva |X 58502 |U V280 |Y 29 |7 A000058502 | |
| 242 | 0 | 1 | |a Thesis to design a recreational and sitting pool in the area of the thermal pool of Patince. |y eng |
| 245 | 1 | 0 | |a Návrh rekreačného a sedacieho bazénu v areáli termálneho kúpaliska Patince |
| 260 | |c 2015 | ||
| 650 | 4 | |a Balneológia |2 slo | |
| 650 | 4 | |a Baltechnika |2 slo | |
| 650 | 4 | |a kúpeľ |2 slo | |
| 650 | 4 | |a balneology |2 eng | |
| 650 | 4 | |a balneotherapy |2 eng | |
| 650 | 4 | |a pool |2 eng | |
| 700 | 1 | |a Kriš, Jozef |4 ths |X 846 |7 A000000846 | |
| 856 | 4 | |u http://is.stuba.sk/zp/portal_zp.pl?podrobnosti=109438 | |
| 856 | 4 | |u https://opac.crzp.sk/?fn=detailBiblioForm&sid=78283B71680DBAF21D40D71D22D4 | |
| SQL | |a stuzp53045 |b DDP |c SLO |d Návrh rekreačného a sedacieho bazénu v areáli termálneho kúpaliska Patince |e 58502 |f Vilimek, István |g 010280 |h 846 |i Kriš, Jozef |j 20150616 |k 27 |l 01 |m http://is.stuba.sk/zp/portal_zp.pl?podrobnosti=109438 |n I-VSH |o 5.1.6. vodné stavby, 6.4.1. vodné hospodárstvo | ||